Praktikum z anorganické chemie II /

Hlavní autor: Pilátová, Ivana, 1957-
Další autoři: Kábelová, Božena, Richtera, Lukáš, 1976-
Jazyk: Čeština
Vydáno: Brno : Vysoké učení technické v Brně, Fakulta chemická, 2006
Vydání: Vyd. 1.
Témata:
Externí odkaz: Digitalizovaný dokument
Fyzický popis: 121 s. : il. ; 30 cm
Knihy
Uloženo v:
LEADER 01770nam a2200445 a 4500
001 nkc20061643209
003 CZ PrNK
005 20070327160105.0
007 ta
008 060216s2006 xr a e p 000 0 cze
015 |a cnb001643209 
020 |a 80-214-3140-7  |q (brož.) 
035 |a (OCoLC)124088456 
040 |a BOA001  |b cze 
072 7 |a 546  |x Anorganická chemie  |2 Konspekt  |9 10 
072 7 |a 37.016  |x Učební osnovy. Vyučovací předměty. Učebnice  |2 Konspekt  |9 22 
080 |a 546  |2 MRF 
080 |a (075.8)  |2 MRF 
080 |a (076.5)  |2 MRF 
100 1 |a Pilátová, Ivana,  |d 1957-  |7 mzk2004261287  |4 aut 
245 1 0 |a Praktikum z anorganické chemie II /  |c Ivana Pilátová, Božena Kábelová, Lukáš Richtera 
250 |a Vyd. 1. 
260 |a Brno :  |b Vysoké učení technické v Brně, Fakulta chemická,  |c 2006 
300 |a 121 s. :  |b il. ;  |c 30 cm 
504 |a Obsahuje bibliografii 
650 0 7 |a anorganická chemie  |7 ph114061  |2 czenas 
650 0 9 |a inorganic chemistry  |2 eczenas 
655 7 |a učebnice vysokých škol  |7 fd133772  |2 czenas 
655 7 |a praktická cvičení  |7 fd133118  |2 czenas 
655 9 |a textbooks (higher)  |2 eczenas 
655 9 |a problems, exercises, etc  |2 eczenas 
700 1 |a Kábelová, Božena  |7 mzk2004261286  |4 aut 
700 1 |a Richtera, Lukáš,  |d 1976-  |7 mzk2007377579  |4 aut 
856 4 1 |u http://www.digitalniknihovna.cz/mzk/uuid/uuid:752b9d80-87c1-11e7-aab4-005056827e52  |y Digitalizovaný dokument  |x NDK 
910 2 |a BOA001  |b 3-1180.176 
990 |a BK 
995 |a 01 
991 |b 200702  |c NOV 
996 6 |b 2610299119  |c 3-1180.176  |l MZK  |r Sklad / do 1 hodiny  |n 1  |p p.v.  |w 000838383  |u 000010  |a 1  |e BOA001  |j MZK50  |s P 
996 7 |b 2610299120  |c 3-1180.176  |l MZK  |r Sklad / do 1 hodiny  |n 15  |p p.v.  |w 000838383  |u 000020  |a 1  |e BOA001  |j MZK50  |s A